| 000 | 01069nam a2200217 i 4500 | ||
|---|---|---|---|
| 001 | 160614 | ||
| 003 | ES-MaACL | ||
| 005 | 20250902084029.0 | ||
| 008 | 041026s1881 sp |||| | spa d | ||
| 040 |
_aCAM _bspa _cCAM |
||
| 245 | 0 | 0 |
_aNeptuno Sociedad anónima para la perforacion de pozos artesianos constituida por escritura de 30 de Marzo de 1880 con arreglo à la ley de 19 de Octubre de 1869 _b: código de comercio y demás disposiciones vigentes en la materia. |
| 260 |
_aAlcoy : _b[s.n.], _c1881 ( _fImprenta de El Serpis) |
||
| 300 |
_a21 p. ; _c22 p. |
||
| 505 | 8 | _aContiene: Memoria referente al año 1880 leida por el Presidente de la misma Luis Perez Juliá en la Junta general ordinaria de 18 de Enero de 1881 | |
| 700 | 1 | 1 |
_aPerez Juliá, Luis. _9131010 |
| 710 | 2 | 1 |
_aNeptuno, Sociedad Anónima para la perforación de pozos artesianos _9134719 |
| 852 |
_aES-MaACL _jT-374-F-5 _z-- Enc. hol. _q-- Falto de la cub. original _z-- Enc. en un vol. facticio |
||
| 852 |
_aES-MaACL _jT-373-F-15 |
||
| 942 | _2udc | ||
| 999 |
_c160614 _d160614 |
||